政令指定都市「中央区」「中区」? - Statistics

General Stats
  • This quiz has been taken 1,980 times
    1,738 since last reset
  • The average score is 13 of 20
Answer Stats
Question Answer % Correct
北海道 札幌市 中央区
87%
千葉県 千葉市 中央区
81%
京都府 京都市 どちらもない
79%
新潟県 新潟市 中央区
78%
大阪府 大阪市 中央区
77%
神奈川県 横浜市 中区
75%
福岡県 北九州市 どちらもない
74%
宮城県 仙台市 どちらもない
73%
愛知県 名古屋市 中区
72%
静岡県 静岡市 どちらもない
71%
神奈川県 川崎市 どちらもない
69%
兵庫県 神戸市 中央区
65%
福岡県 福岡市 中央区
63%
熊本県 熊本市 中央区
63%
埼玉県 さいたま市 中央区
57%
広島県 広島市 中区
56%
神奈川県 相模原市 中央区
51%
岡山県 岡山市 中区
51%
静岡県 浜松市 中央区
50%
大阪府 堺市 中区
40%
No matching quizzes found
Score Distribution
Percent of People with Each Score
Percentile by Number Answered
Your Score History
You have not taken this quiz since the last reset